Blitzed Brits / (Record no. 1789)

MARC details
000 -LEADER
fixed length control field 01214nam a22002897a 4500
005 - DATE AND TIME OF LATEST TRANSACTION
control field 20250409153328.0
020 ## - INTERNATIONAL STANDARD BOOK NUMBER
International Standard Book Number 9781407103433
040 ## - CATALOGING SOURCE
Original cataloging agency FISKH
Language of cataloging eng
Modifying agency FISKH
Transcribing agency FISKH
050 00 - LIBRARY OF CONGRESS CALL NUMBER
Classification number D743.7
Item number .D43 2007
082 04 - DEWEY DECIMAL CLASSIFICATION NUMBER
Classification number 940.53
Edition number 22
100 1# - MAIN ENTRY--PERSONAL NAME
Personal name Deary, Terry
Relator term author
245 10 - TITLE STATEMENT
Title Blitzed Brits /
Statement of responsibility, etc. Terry Deary ; illustrated by Martin Brown & Kate Sheppard.
260 ## - PUBLICATION, DISTRIBUTION, ETC.
Place of publication, distribution, etc. London :
Name of publisher, distributor, etc. Scholastic,
Date of publication, distribution, etc. 2007
300 ## - PHYSICAL DESCRIPTION
Extent 140 pages :
Other physical details illustrations ;
Dimensions 20 cm.
490 1# - SERIES STATEMENT
Series statement Horrible histories
505 ## - FORMATTED CONTENTS NOTE
Formatted contents note M
520 ## - SUMMARY, ETC.
Summary, etc. Learn all about the BLITZED BRITS, with all the nasty bits left in. Find out what really happened in Dad's Army, see how to make a rude noise with a gas mask and Learn why the Brits ate chicken-fruit, sinkers and nutty! Includes a grisly quiz to test your knowledge. These bestselling titles are sure to be a huge hit with yet another generation of Terry Deary fans.
521 ## - TARGET AUDIENCE NOTE
Target audience note 750 <br/>
Source Lexile<br/>
521 ## - TARGET AUDIENCE NOTE
Target audience note M <br/>
Source Raz-Plus
650 #0 - SUBJECT ADDED ENTRY--TOPICAL TERM
Topical term or geographic name entry element World War, 1939-1945
Form subdivision Juvenile literature.
655 #0 - INDEX TERM--GENRE/FORM
Genre/form data or focus term History.
655 #7 - INDEX TERM--GENRE/FORM
Genre/form data or focus term Juvenile works.
Source of term fast
700 1# - ADDED ENTRY--PERSONAL NAME
Personal name Brown, Martin
Dates associated with a name 1959-
Relator term illustrator.
906 ## - LOCAL DATA ELEMENT F, LDF (RLIN)
a 7
b cbc
c copycat
d 2
e ncip
f 20
g y-gencatlg
942 ## - ADDED ENTRY ELEMENTS (KOHA)
Source of classification or shelving scheme Dewey Decimal Classification
Koha item type Books
Suppress in OPAC No
999 ## -
-- 1789
-- 1789
Holdings
Withdrawn status Lost status Source of classification or shelving scheme Damaged status Not for loan Collection Home library Current library Shelving location Date acquired Total Checkouts Full call number Barcode Date due Date last seen Date last checked out Price effective from Koha item type Copy number
    Dewey Decimal Classification     Non-Fiction Footprints International School Library Network Toul Kork Campus Footprints International School Library Network Toul Kork Campus TK Primary Library Room(4th Floor), Bookcase 5&6, Shelves 33-56, Orange Books 09/29/2023 2 DEA 940.53 PS430 FISTKG3B084 12/23/2025 12/09/2025 12/09/2025 09/29/2023 Books  
    Dewey Decimal Classification     Non-Fiction Footprints International School Library Network Toul Tom Poung Campus Footprints International School Library Network Toul Tom Poung Campus TTP Primary Orange Bookshelves 04/09/2025   DEA 940.53 PS430 2025-1049   04/09/2025   04/09/2025 Books 2